[Event "Oberliga Ost A 2016 2017"]
[Site "Germany"]
[Date "2016.11.20"]
[Round "3.5"]
[White "Klawa, Patrick"]
[Black "Luther, Juergen"]
[Result "1/2-1/2"]
[WhiteElo "2187"]
[BlackElo "2156"]
[PlyCount "92"]
[EventDate "2016.10.16"]
[EventType "team-tourn"]
[EventCountry "GER"]
[WhiteTeam "Coswig TuS"]
[BlackTeam "Halle USV"]
[WhiteTeamCountry "GER"]
[BlackTeamCountry "GER"]

1. e4 e6 2. d3 d5 3. Nd2 Nf6 4. Ngf3 c5 5. g3 Nc6 6. Bg2 Be7 7. O-O Qc7 8. Re1
b6 9. e5 Nd7 10. Qe2 Ba6 11. Nf1 c4 12. d4 b5 13. Bd2 Nb6 14. c3 b4 15. Ng5
bxc3 16. bxc3 h6 17. Nh3 O-O-O 18. f4 g6 19. Ne3 Kb7 20. Ng4 Nxd4 21. cxd4 c3
22. Qf2 cxd2 23. Qxd2 Nc4 24. Qf2 Ka8 25. Rec1 Ba3 26. Rc2 Qb6 27. Rd1 Rc8 28.
Kh1 Qa5 29. Ng1 Bb5 30. Ne3 Nxe3 31. Rxc8+ Rxc8 32. Qxe3 Qc3 33. Qf2 Ba4 34.
Re1 Qb2 35. Re2 Rc2 36. g4 Rxe2 37. Nxe2 Bb5 38. Bf1 Bd3 39. Qe3 Qb1 40. Kg2
Be4+ 41. Kf2 Bb4 42. Qc1 Kb7 43. Qxb1 Bxb1 44. Nc1 Ba3 45. Bd3 Bxc1 46. Bxb1
Bxf4 1/2-1/2

[Event "Oberliga Ost A 2016 2017"]
[Site "Germany"]
[Date "2016.11.20"]
[Round "3.6"]
[White "Altstadt, Karl Simon"]
[Black "Hofmann, Rares"]
[Result "1/2-1/2"]
[WhiteElo "2002"]
[BlackElo "2081"]
[PlyCount "41"]
[EventDate "2016.10.16"]
[EventType "team-tourn"]
[EventCountry "GER"]
[WhiteTeam "Halle USV"]
[BlackTeam "Coswig TuS"]
[WhiteTeamCountry "GER"]
[BlackTeamCountry "GER"]

1. e4 c5 2. Nf3 Nc6 3. d4 cxd4 4. Nxd4 e5 5. Nb5 d6 6. c4 f5 7. Bd3 f4 8. g3 a6
9. N5a3 fxg3 10. hxg3 Nf6 11. Nc3 Bg4 12. Be2 Bxe2 13. Qxe2 Nd4 14. Qd3 Rc8 15.
Be3 Qb6 16. O-O-O d5 17. Bxd4 exd4 18. Nxd5 Nxd5 19. exd5 Bxa3 20. bxa3 Qc5 21.
Rde1+ 1/2-1/2

[Event "Oberliga Ost A 2016 2017"]
[Site "Germany"]
[Date "2016.11.20"]
[Round "3.7"]
[White "Poenisch, Eckehard"]
[Black "Groeger, Stefan"]
[Result "1/2-1/2"]
[WhiteElo "2166"]
[BlackElo "2166"]
[PlyCount "33"]
[EventDate "2016.10.16"]
[EventType "team-tourn"]
[EventCountry "GER"]
[WhiteTeam "Coswig TuS"]
[BlackTeam "Halle USV"]
[WhiteTeamCountry "GER"]
[BlackTeamCountry "GER"]

1. e4 c6 2. d4 d5 3. exd5 cxd5 4. Bd3 Nc6 5. c3 Qc7 6. h3 Nf6 7. Nf3 g6 8. O-O
Bf5 9. Re1 Bxd3 10. Qxd3 Bg7 11. Nbd2 O-O 12. Ne5 Nxe5 13. dxe5 Nd7 14. Nf3 e6
15. Bf4 Rfc8 16. a3 Qc4 17. Qe3 1/2-1/2

[Event "Oberliga Ost A 2016 2017"]
[Site "Germany"]
[Date "2016.11.20"]
[Round "3.8"]
[White "Hentzgen, Thomas"]
[Black "Poenisch, Johannes"]
[Result "1-0"]
[WhiteElo "2061"]
[BlackElo "1988"]
[PlyCount "81"]
[EventDate "2016.10.16"]
[EventType "team-tourn"]
[EventCountry "GER"]
[WhiteTeam "Halle USV"]
[BlackTeam "Coswig TuS"]
[WhiteTeamCountry "GER"]
[BlackTeamCountry "GER"]

1. e4 c5 2. Nc3 e6 3. g3 Nc6 4. Bg2 Nf6 5. Nge2 Be7 6. O-O O-O 7. d4 d6 8. h3
a6 9. Be3 Bd7 10. f4 cxd4 11. Nxd4 Nxd4 12. Bxd4 Bc6 13. Qe1 Qc7 14. Rd1 Rfd8
15. Kh1 b5 16. Qf2 Rab8 17. e5 Nd7 18. exd6 Bxd6 19. Bxc6 Qxc6+ 20. Qg2 Qc7 21.
Ne4 Be7 22. c3 Rbc8 23. Qf3 Nb6 24. Kh2 Nc4 25. b3 Nb6 26. Be5 Qa7 27. Qg4 Bf8
28. Nf6+ Kh8 29. Qh4 h6 30. Ng4 Qe7 31. Bxg7+ Kxg7 32. Qxh6+ Kg8 33. Nf6+ Qxf6
34. Qxf6 Re8 35. f5 Be7 36. Qh6 Nd5 37. fxe6 Nf6 38. exf7+ Kxf7 39. Qh7+ Kf8
40. Qg6 Rc6 41. Rd4 1-0

[Event "Oberliga Ost A 2016 2017"]
[Site "Germany"]
[Date "2016.11.20"]
[Round "3.1"]
[White "Zwahr, Paul"]
[Black "Reizniece Ozola, Dana"]
[Result "1/2-1/2"]
[WhiteElo "2318"]
[BlackElo "2253"]
[PlyCount "57"]
[EventDate "2016.10.16"]
[EventType "team-tourn"]
[EventCountry "GER"]
[WhiteTeam "Dresden SG Gruen Weiss"]
[BlackTeam "Loeberitz SG"]
[WhiteTeamCountry "GER"]
[BlackTeamCountry "GER"]

1. e4 c5 2. Nf3 d6 3. d4 cxd4 4. Nxd4 Nf6 5. Nc3 a6 6. Be3 e5 7. Nb3 Be6 8. f3
h5 9. Qd2 Nbd7 10. Nd5 Bxd5 11. exd5 g6 12. Na5 Qc7 13. c4 b6 14. Nc6 Nb8 15.
Nxb8 Rxb8 16. b4 Nd7 17. Be2 Bg7 18. Rc1 O-O 19. O-O a5 20. a3 axb4 21. axb4 f5
22. Rfd1 Rfd8 23. Rc2 Qb7 24. Bg5 Re8 25. Re1 Ra8 26. Bf1 Ra3 27. Kh1 Qa7 28.
Be3 Rc8 29. Rd1 1/2-1/2

[Event "Oberliga Ost A 2016 2017"]
[Site "Germany"]
[Date "2016.11.20"]
[Round "3.2"]
[White "Schuetze, Norman"]
[Black "Siedentopf, Daniel"]
[Result "1-0"]
[WhiteElo "2322"]
[BlackElo "2292"]
[PlyCount "45"]
[EventDate "2016.10.16"]
[EventType "team-tourn"]
[EventCountry "GER"]
[WhiteTeam "Loeberitz SG"]
[BlackTeam "Dresden SG Gruen Weiss"]
[WhiteTeamCountry "GER"]
[BlackTeamCountry "GER"]

1. e4 c5 2. Nf3 d6 3. d4 cxd4 4. Nxd4 Nf6 5. Nc3 a6 6. Bg5 Nbd7 7. Bc4 Qb6 8.
Bb3 e6 9. f3 Nc5 10. Qd2 Qc7 11. O-O-O b5 12. Kb1 Rb8 13. e5 dxe5 14. Nc6 Nfd7
15. Nxb8 Qxb8 16. Rhe1 Nxb3 17. axb3 Bb4 18. Re4 Bxc3 19. Qxc3 h6 20. Bh4 Bb7
21. Rxe5 Qc8 22. Rxe6+ fxe6 23. Qxg7 1-0

[Event "Oberliga Ost A 2016 2017"]
[Site "Germany"]
[Date "2016.11.20"]
[Round "3.3"]
[White "Rudolf, Sebastian"]
[Black "Schindler, Christian"]
[Result "1/2-1/2"]
[WhiteElo "2270"]
[BlackElo "2251"]
[PlyCount "43"]
[EventDate "2016.10.16"]
[EventType "team-tourn"]
[EventCountry "GER"]
[WhiteTeam "Dresden SG Gruen Weiss"]
[BlackTeam "Loeberitz SG"]
[WhiteTeamCountry "GER"]
[BlackTeamCountry "GER"]

1. e4 Nf6 2. e5 Nd5 3. d4 d6 4. c4 Nb6 5. exd6 exd6 6. Nc3 Be7 7. h3 O-O 8. Nf3
Bf6 9. Be2 Be6 10. d5 Bxc3+ 11. bxc3 Bd7 12. Bg5 f6 13. Be3 Na6 14. O-O Nc5 15.
Nd4 Re8 16. Re1 Re7 17. Nb3 Nba4 18. Qc2 Qe8 19. Nxc5 Nxc5 20. Kf1 Qg6 21. Qxg6
hxg6 22. Bxc5 1/2-1/2

[Event "Oberliga Ost A 2016 2017"]
[Site "Germany"]
[Date "2016.11.20"]
[Round "3.4"]
[White "Pallas, Sebastian"]
[Black "Gehmlich, Marcel"]
[Result "1/2-1/2"]
[WhiteElo "2225"]
[BlackElo "2194"]
[PlyCount "63"]
[EventDate "2016.10.16"]
[EventType "team-tourn"]
[EventCountry "GER"]
[WhiteTeam "Loeberitz SG"]
[BlackTeam "Dresden SG Gruen Weiss"]
[WhiteTeamCountry "GER"]
[BlackTeamCountry "GER"]

1. e4 c5 2. Nf3 e6 3. d4 cxd4 4. Nxd4 a6 5. Bd3 Qc7 6. O-O Nf6 7. Qe2 d6 8. Kh1
Be7 9. f4 Nc6 10. Nxc6 bxc6 11. e5 Nd7 12. exd6 Bxd6 13. Nc3 Nf6 14. Ne4 Nxe4
15. Bxe4 O-O 16. g3 Bb7 17. b3 f5 18. Bg2 e5 19. fxe5 Bxe5 20. Bf4 Rae8 21.
Rae1 Bxf4 22. Qc4+ Qf7 23. Qxf7+ Kxf7 24. gxf4 Rxe1 25. Rxe1 Rd8 26. Kg1 Rd4
27. Rf1 Kf6 28. c3 Rd3 29. Rf3 Rd1+ 30. Rf1 Rd3 31. Rf3 Rd1+ 32. Rf1 1/2-1/2

[Event "Oberliga Ost A 2016 2017"]
[Site "Germany"]
[Date "2016.11.20"]
[Round "3.5"]
[White "Zimmermann, Rene"]
[Black "Niegsch, Nicolas"]
[Result "0-1"]
[WhiteElo "2140"]
[BlackElo "2191"]
[PlyCount "132"]
[EventDate "2016.10.16"]
[EventType "team-tourn"]
[EventCountry "GER"]
[WhiteTeam "Dresden SG Gruen Weiss"]
[BlackTeam "Loeberitz SG"]
[WhiteTeamCountry "GER"]
[BlackTeamCountry "GER"]

1. c4 g6 2. Nc3 Bg7 3. d4 Nf6 4. e4 d6 5. f3 O-O 6. Be3 Nc6 7. Nge2 Rb8 8. Qd2
a6 9. Rb1 Re8 10. b4 b5 11. cxb5 axb5 12. d5 Ne5 13. Nd4 Bd7 14. Bxb5 Bxb5 15.
Ncxb5 Nc4 16. Qe2 Nxe3 17. Qxe3 e6 18. dxe6 fxe6 19. O-O Qd7 20. Nc3 e5 21. Nc2
c6 22. Rfd1 Qc7 23. Na3 Ra8 24. Nc4 d5 25. exd5 cxd5 26. Nb6 d4 27. Nxa8 Qc6
28. b5 Qxa8 29. Rxd4 exd4 30. Qxd4 Rd8 31. Qc4+ Kh8 32. b6 Nh5 33. b7 Qb8 34.
Nd5 Be5 35. f4 Nxf4 36. Nxf4 Bxf4 37. g3 Be5 38. a4 Qa7+ 39. Kg2 Qe3 40. Qc8
Qd2+ 41. Kh3 Kg7 42. Qg4 Rd4 43. b8=Q Bxb8 44. Rb7+ Kh6 45. Qf3 Bd6 46. Qf6 Rd5
47. Qg7+ Kg5 48. Qxh7 Qd4 49. Qd7 Be5 50. Qc8 Qd1 51. Rf7 Qh5+ 52. Kg2 Rd2+ 53.
Rf2 Rxf2+ 54. Kxf2 Qxh2+ 55. Kf1 Qxg3 56. Qc5 Qf3+ 57. Kg1 Qd1+ 58. Kg2 Qe2+
59. Kg1 Kg4 60. a5 Qe1+ 61. Kg2 Qg3+ 62. Kf1 Qd3+ 63. Kg2 Qf3+ 64. Kg1 Kh3 65.
Qc8+ Kg3 66. Qc2 Bd4+ 0-1

[Event "Oberliga Ost A 2016 2017"]
[Site "Germany"]
[Date "2016.11.20"]
[Round "3.7"]
[White "Hutsch, Oliver"]
[Black "Otikova, Elina"]
[Result "1-0"]
[WhiteElo "2119"]
[BlackElo "2007"]
[PlyCount "119"]
[EventDate "2016.10.16"]
[EventType "team-tourn"]
[EventCountry "GER"]
[WhiteTeam "Dresden SG Gruen Weiss"]
[BlackTeam "Loeberitz SG"]
[WhiteTeamCountry "GER"]
[BlackTeamCountry "GER"]

1. d4 d5 2. Nf3 Nf6 3. c4 e6 4. Nc3 Bb4 5. Bg5 h6 6. Bxf6 Qxf6 7. Qa4+ Nc6 8.
e3 Bd7 9. Qb3 O-O 10. a3 dxc4 11. Bxc4 Bd6 12. Bd3 e5 13. Ne4 Qd8 14. Nxd6 cxd6
15. O-O Re8 16. dxe5 dxe5 17. Be4 Rb8 18. Rfd1 Qe7 19. Rac1 Rec8 20. Bd5 Bg4
21. Qa4 Bd7 22. Qe4 Re8 23. b4 a6 24. Rc5 Qf6 25. Qc4 Be6 26. Bxe6 Rxe6 27. e4
Rd6 28. Rxd6 Qxd6 29. Rd5 Qe6 30. Qd3 Re8 31. h3 Qe7 32. Rd7 Rd8 33. Rxd8+ Nxd8
34. Nxe5 Qxe5 35. Qxd8+ Kh7 36. Qd3 Qf4 37. g3 Qe5 38. f4 Qa1+ 39. Kg2 Qb2+ 40.
Kf3 g6 41. h4 Qa1 42. Ke3 Qg1+ 43. Kd2 Qa1 44. e5 Qb2+ 45. Ke3 Qc1+ 46. Kd4
Qb2+ 47. Kd5 Qa2+ 48. Kc5 Qf2+ 49. Kd6 Qb6+ 50. Ke7 Qe6+ 51. Kf8 f6 52. Qd6
Qg8+ 53. Ke7 Qg7+ 54. Kd8 Qg8+ 55. Kd7 fxe5 56. fxe5 Qc4 57. e6 Qb5+ 58. Kd8
Kg8 59. e7 Kf7 60. Qf4+ 1-0

[Event "Oberliga Ost A 2016 2017"]
[Site "Germany"]
[Date "2016.11.20"]
[Round "3.8"]
[White "Klyszcz, Michael"]
[Black "Kunze, Christopher"]
[Result "0-1"]
[WhiteElo "1971"]
[BlackElo "2085"]
[PlyCount "86"]
[EventDate "2016.10.16"]
[EventType "team-tourn"]
[EventCountry "GER"]
[WhiteTeam "Loeberitz SG"]
[BlackTeam "Dresden SG Gruen Weiss"]
[WhiteTeamCountry "GER"]
[BlackTeamCountry "GER"]

1. g3 Nf6 2. Bg2 g6 3. Nf3 Bg7 4. O-O d6 5. d3 e5 6. c4 O-O 7. Nc3 Re8 8. Rb1
a5 9. a3 c6 10. b4 axb4 11. axb4 d5 12. Qb3 dxc4 13. dxc4 Bf5 14. Rb2 Qe7 15.
Be3 Nbd7 16. h3 h6 17. g4 Be6 18. g5 hxg5 19. Nxg5 Bf5 20. Rd2 Nh5 21. Nce4 Nf4
22. Bxf4 exf4 23. h4 Be5 24. Rfd1 Nf8 25. c5 Nh7 26. Nd6 Bxd6 27. cxd6 Qf6 28.
Nf3 Be6 29. Qd3 Bd5 30. d7 Red8 31. Bh3 Nf8 32. Ng5 Nxd7 33. Bxd7 Rxd7 34. Qh3
Re7 35. Qg4 Re5 36. Rd4 Rf5 37. b5 Ra1 38. Rxa1 Qxd4 39. Ra8+ Kg7 40. e3 Qe5
41. e4 Bxe4 42. Nxe4 Qxe4 43. Qd1 Rxb5 0-1

[Event "Oberliga Ost A 2016 2017"]
[Site "Germany"]
[Date "2016.11.20"]
[Round "3.2"]
[White "Moehn, Hans"]
[Black "Hentze, Markus"]
[Result "1-0"]
[WhiteElo "2413"]
[BlackElo "2173"]
[PlyCount "71"]
[EventDate "2016.10.16"]
[EventType "team-tourn"]
[EventCountry "GER"]
[WhiteTeam "Dresden USV TU II"]
[BlackTeam "Leipzig SG II"]
[WhiteTeamCountry "GER"]
[BlackTeamCountry "GER"]

1. c4 e6 2. Nc3 d5 3. d4 Nf6 4. cxd5 exd5 5. Bg5 c6 6. e3 Be7 7. Bd3 O-O 8. Qc2
Nbd7 9. Nge2 Re8 10. O-O Nf8 11. f3 c5 12. Rad1 g6 13. dxc5 Bxc5 14. Bxf6 Qxf6
15. Nxd5 Bxe3+ 16. Kh1 Qg5 17. Be4 Bb6 18. Nec3 Bd8 19. Nb5 Bd7 20. Nd6 Re6 21.
Nc7 Bxc7 22. Qxc7 Re7 23. Qc3 Rb8 24. Rf2 Be6 25. Rfd2 Nd7 26. Nxb7 Nf6 27.
Rd8+ Re8 28. Rxe8+ Rxe8 29. b3 Nxe4 30. fxe4 Rc8 31. Qd3 Bg4 32. Rg1 Qe5 33.
Nd6 Rd8 34. Nxf7 Qxh2+ 35. Kxh2 Rxd3 36. Nh6+ 1-0

[Event "Oberliga Ost A 2016 2017"]
[Site "Germany"]
[Date "2016.11.20"]
[Round "3.3"]
[White "Schoeneberg, Manfred"]
[Black "Wegener, Dirk"]
[Result "1/2-1/2"]
[WhiteElo "2245"]
[BlackElo "2349"]
[PlyCount "99"]
[EventDate "2016.10.16"]
[EventType "team-tourn"]
[EventCountry "GER"]
[WhiteTeam "Leipzig SG II"]
[BlackTeam "Dresden USV TU II"]
[WhiteTeamCountry "GER"]
[BlackTeamCountry "GER"]

1. e4 e6 2. d4 d5 3. Nc3 Bb4 4. exd5 exd5 5. Bd3 Nf6 6. Nge2 Bg4 7. O-O O-O 8.
f3 Bh5 9. Bg5 c6 10. Nf4 Bg6 11. Nxg6 fxg6 12. Ne2 Nbd7 13. c3 Bd6 14. Qd2 Qc7
15. Bf4 Rae8 16. Bxd6 Qxd6 17. Ng3 c5 18. Bb5 c4 19. Rae1 Rxe1 20. Rxe1 Nb6 21.
Qd1 a6 22. Ba4 Nxa4 23. Qxa4 Kf7 24. Qb4 Qxb4 25. cxb4 Nd7 26. Ne2 Nb8 27. Nc3
Nc6 28. a3 Rd8 29. Kf2 g5 30. b5 axb5 31. Nxb5 h6 32. Ke3 Ne7 33. Kd2 Ng6 34.
g3 h5 35. Kc3 h4 36. Nc7 Rd6 37. Re3 hxg3 38. hxg3 Rd7 39. Ne6 Kf6 40. Nc5 Rc7
41. Re6+ Kf7 42. Rb6 Ne7 43. Rxb7 Rxb7 44. Nxb7 Nf5 45. a4 Ke7 46. a5 Kd7 47.
Nc5+ Kc6 48. b3 cxb3 49. Nxb3 Kb5 50. Nc5 1/2-1/2

[Event "Oberliga Ost A 2016 2017"]
[Site "Germany"]
[Date "2016.11.20"]
[Round "3.4"]
[White "Osmanodja, Filiz"]
[Black "Schunk, Thomas"]
[Result "1-0"]
[WhiteElo "2296"]
[BlackElo "2185"]
[PlyCount "81"]
[EventDate "2016.10.16"]
[EventType "team-tourn"]
[EventCountry "GER"]
[WhiteTeam "Dresden USV TU II"]
[BlackTeam "Leipzig SG II"]
[WhiteTeamCountry "GER"]
[BlackTeamCountry "GER"]

1. e4 c5 2. Nc3 Nc6 3. Nf3 e5 4. Bc4 d6 5. d3 Be7 6. Nd2 Nf6 7. Nf1 a6 8. a4
Rb8 9. Bd2 Nd4 10. a5 Bg4 11. Qb1 O-O 12. Ne3 Be6 13. Ncd5 Nxd5 14. Nxd5 Bxd5
15. Bxd5 Qd7 16. Qd1 Kh8 17. O-O Nb5 18. f4 Nc7 19. Bb3 exf4 20. Bxf4 Bf6 21.
c3 Be5 22. Be3 Qe7 23. Qg4 Rbd8 24. d4 cxd4 25. cxd4 Bf6 26. Rf3 Qd7 27. Qh5 g6
28. Qh6 Bg7 29. Qh4 Rde8 30. Raf1 d5 31. e5 h5 32. h3 Ne6 33. g4 Kg8 34. gxh5
Qd8 35. Qg4 Qxa5 36. h6 Qb5 37. hxg7 Nxg7 38. Bh6 Re6 39. h4 Qb4 40. Bxd5 Rxe5
41. Bxg7 1-0

[Event "Oberliga Ost A 2016 2017"]
[Site "Germany"]
[Date "2016.11.20"]
[Round "3.5"]
[White "Pietzsch, Manuel"]
[Black "Gungl, Theo"]
[Result "1/2-1/2"]
[WhiteElo "2107"]
[BlackElo "2326"]
[PlyCount "31"]
[EventDate "2016.10.16"]
[EventType "team-tourn"]
[EventCountry "GER"]
[WhiteTeam "Leipzig SG II"]
[BlackTeam "Dresden USV TU II"]
[WhiteTeamCountry "GER"]
[BlackTeamCountry "GER"]

1. e4 c5 2. Nf3 d6 3. d4 cxd4 4. Nxd4 Nf6 5. Nc3 a6 6. Bg5 Nbd7 7. Bc4 Qa5 8.
Qd2 e6 9. O-O-O b5 10. Bd5 b4 11. Bxa8 bxc3 12. bxc3 Nb6 13. Bc6+ Bd7 14. Bxd7+
Nfxd7 15. Kb1 Na4 16. Nb3 1/2-1/2

[Event "Oberliga Ost A 2016 2017"]
[Site "Germany"]
[Date "2016.11.20"]
[Round "3.7"]
[White "Greger, Ubald"]
[Black "Ledfuss, Guntram"]
[Result "1/2-1/2"]
[WhiteElo "2079"]
[BlackElo "2064"]
[PlyCount "49"]
[EventDate "2016.10.16"]
[EventType "team-tourn"]
[EventCountry "GER"]
[WhiteTeam "Leipzig SG II"]
[BlackTeam "Dresden USV TU II"]
[WhiteTeamCountry "GER"]
[BlackTeamCountry "GER"]

1. e4 e5 2. Nf3 Nc6 3. Be2 Nf6 4. d3 Bc5 5. O-O d6 6. c3 Bb6 7. Nbd2 O-O 8. Nc4
d5 9. Nxb6 axb6 10. Qc2 h6 11. b4 b5 12. Bb2 Be6 13. a3 Qe7 14. exd5 Bxd5 15.
c4 bxc4 16. dxc4 Be4 17. Qd2 Nd7 18. Qe3 f5 19. b5 Na5 20. Rac1 Bxf3 21. Qxf3
e4 22. Qc3 Nc5 23. Qb4 b6 24. Bd4 Nab3 25. Rcd1 1/2-1/2

[Event "Oberliga Ost A 2016 2017"]
[Site "Germany"]
[Date "2016.11.20"]
[Round "3.8"]
[White "Ader, Gunter"]
[Black "Dietze, Frank"]
[Result "1/2-1/2"]
[WhiteElo "2023"]
[BlackElo "2141"]
[PlyCount "29"]
[EventDate "2016.10.16"]
[EventType "team-tourn"]
[EventCountry "GER"]
[WhiteTeam "Dresden USV TU II"]
[BlackTeam "Leipzig SG II"]
[WhiteTeamCountry "GER"]
[BlackTeamCountry "GER"]

1. e4 c5 2. Nf3 Nc6 3. d4 cxd4 4. Nxd4 g6 5. Nc3 Bg7 6. Be3 Nf6 7. f3 O-O 8.
Bc4 Qb6 9. O-O Ng4 10. fxg4 Bxd4 11. Bxd4 Qxd4+ 12. Qxd4 Nxd4 13. Rf2 d6 14.
Nd5 Nc6 15. h3 1/2-1/2

[Event "Oberliga Ost A 2016 2017"]
[Site "Germany"]
[Date "2016.11.20"]
[Round "3.1"]
[White "Langrock, Hannes"]
[Black "Lechtynsky, Jiri"]
[Result "1/2-1/2"]
[WhiteElo "2405"]
[BlackElo "2354"]
[PlyCount "28"]
[EventDate "2016.10.16"]
[EventType "team-tourn"]
[EventCountry "GER"]
[WhiteTeam "Leipzig SG"]
[BlackTeam "Hoyerswerda FVS ASP"]
[WhiteTeamCountry "GER"]
[BlackTeamCountry "GER"]

1. d4 Nf6 2. c4 c6 3. Nc3 d5 4. cxd5 cxd5 5. Bf4 Nc6 6. e3 e6 7. Bd3 Be7 8. h3
a6 9. Rc1 O-O 10. Nf3 Bd6 11. Bxd6 Qxd6 12. O-O b5 13. a3 Bb7 14. Bb1 Rac8
1/2-1/2

[Event "Oberliga Ost A 2016 2017"]
[Site "Germany"]
[Date "2016.11.20"]
[Round "3.2"]
[White "Orsag, Milan"]
[Black "Richter, Leonard"]
[Result "1/2-1/2"]
[WhiteElo "2332"]
[BlackElo "2282"]
[PlyCount "115"]
[EventDate "2016.10.16"]
[EventType "team-tourn"]
[EventCountry "GER"]
[WhiteTeam "Hoyerswerda FVS ASP"]
[BlackTeam "Leipzig SG"]
[WhiteTeamCountry "GER"]
[BlackTeamCountry "GER"]

1. d4 Nf6 2. c4 g6 3. Nc3 Bg7 4. e4 d6 5. Be2 O-O 6. Be3 e5 7. d5 a5 8. g4 Na6
9. g5 Nd7 10. h4 f5 11. gxf6 Nxf6 12. h5 c6 13. hxg6 hxg6 14. Nh3 Nc7 15. Ng5
cxd5 16. cxd5 b5 17. Rg1 Rb8 18. Ne6 Nxe6 19. dxe6 Bxe6 20. Rxg6 Kh7 21. Rg1 b4
22. Nd5 Nxe4 23. Bd3 Bxd5 24. Qh5+ Kg8 25. Rxg7+ Kxg7 26. Bh6+ Kf6 27. Bxe4
Bxe4 28. Bg5+ Ke6 29. Bxd8 Rbxd8 30. Rc1 Bf3 31. Qh3+ Kd5 32. Qh4 Rc8 33. Rxc8
Rxc8 34. Qh3 Rf8 35. Qd7 Rf4 36. Qb5+ Ke6 37. Kd2 Bh5 38. Qf1 Kd5 39. Qg2+ Kc5
40. b3 Rd4+ 41. Kc2 a4 42. bxa4 Bd1+ 43. Kb2 Bxa4 44. Qa8 Bc6 45. Qa5+ Kc4 46.
Qc7 Kd5 47. Qf7+ Kc5 48. Qa7+ Kb5 49. Qb8+ Ka6 50. Qc8+ Bb7 51. Qc7 Be4 52.
Qc8+ Ka5 53. Qc7+ Kb5 54. Qb8+ Kc4 55. Qc8+ Kb5 56. Qb8+ Kc5 57. Qa7+ Kb5 58.
Qb8+ 1/2-1/2

[Event "Oberliga Ost A 2016 2017"]
[Site "Germany"]
[Date "2016.11.20"]
[Round "3.3"]
[White "Schubert, Thomas"]
[Black "Jahnel, Guenther"]
[Result "0-1"]
[WhiteElo "2362"]
[BlackElo "2270"]
[PlyCount "124"]
[EventDate "2016.10.16"]
[EventType "team-tourn"]
[EventCountry "GER"]
[WhiteTeam "Leipzig SG"]
[BlackTeam "Hoyerswerda FVS ASP"]
[WhiteTeamCountry "GER"]
[BlackTeamCountry "GER"]

1. d4 Nf6 2. Nf3 c5 3. d5 g6 4. Nc3 Bg7 5. e4 O-O 6. Nd2 d6 7. Be2 Na6 8. O-O
Nc7 9. a4 Nd7 10. Nc4 Ne5 11. Ne3 f5 12. f4 Nf7 13. exf5 gxf5 14. Bc4 Nh6 15.
Qh5 Qe8 16. Qh4 Bd7 17. Rf3 Rf6 18. Rg3 Rg6 19. Rxg6 hxg6 20. Bd2 Qf8 21. Ncd1
Bf6 22. Qg3 Kh7 23. c3 Rc8 24. Nf2 Nf7 25. Qf3 Bg7 26. Bd3 e5 27. dxe6 Nxe6 28.
Bc4 Bc6 29. Bd5 Bh6 30. g3 Nfd8 31. a5 Nc7 32. Bxc6 bxc6 33. Nc4 d5 34. Ne3 Qf7
35. Nc2 Nde6 36. Nd3 Rb8 37. b4 Bg7 38. Ne5 Bxe5 39. fxe5 cxb4 40. cxb4 c5 41.
Qe3 d4 42. Qh6+ Kg8 43. bxc5 Rb2 44. Na3 Ng7 45. Rc1 Qb3 46. Nc4 Rb1 47. Rxb1
Qxb1+ 48. Kf2 Qc2 49. Nd6 Nce6 50. Ke1 Qxc5 51. Bf4 Qxa5+ 52. Kf2 Qa2+ 53. Kg1
Nxf4 54. Qxf4 Qb1+ 55. Kf2 Qc2+ 56. Kg1 Qd1+ 57. Kf2 a5 58. Qh4 Qd2+ 59. Kf1
Qd3+ 60. Ke1 Qe3+ 61. Kd1 g5 62. Qh6 d3 0-1

[Event "Oberliga Ost A 2016 2017"]
[Site "Germany"]
[Date "2016.11.20"]
[Round "3.4"]
[White "Hovsepyan, Vardan"]
[Black "Runau, Ralf"]
[Result "1/2-1/2"]
[WhiteElo "2162"]
[BlackElo "2340"]
[PlyCount "72"]
[EventDate "2016.10.16"]
[EventType "team-tourn"]
[EventCountry "GER"]
[WhiteTeam "Hoyerswerda FVS ASP"]
[BlackTeam "Leipzig SG"]
[WhiteTeamCountry "GER"]
[BlackTeamCountry "GER"]

1. e4 g6 2. d4 c6 3. g3 d5 4. Nc3 Bg7 5. Be3 Nf6 6. e5 Ng4 7. Bf4 f6 8. exf6
exf6 9. h3 Nh6 10. h4 O-O 11. Qd2 Re8+ 12. Be2 Nf7 13. O-O-O b5 14. Kb1 Nd7 15.
Nf3 Nb6 16. Rde1 Bg4 17. Nd1 Nd6 18. c3 Nbc4 19. Qc2 a5 20. Ne3 Nxe3 21. Bxe3
Qd7 22. Nh2 Bf5 23. Bd3 Bxd3 24. Qxd3 Qf5 25. Qxf5 Nxf5 26. Bf4 a4 27. a3 h5
28. Kc2 Kf7 29. Nf3 Bf8 30. Kd3 Nd6 31. Nd2 Nc4 32. Rxe8 Rxe8 33. Nxc4 bxc4+
34. Kd2 Re6 35. f3 Be7 36. Rh2 Bf8 1/2-1/2

[Event "Oberliga Ost A 2016 2017"]
[Site "Germany"]
[Date "2016.11.20"]
[Round "3.5"]
[White "Rausch, Stephan"]
[Black "Kesik, Klaus Dieter"]
[Result "0-1"]
[WhiteElo "2277"]
[BlackElo "2220"]
[PlyCount "102"]
[EventDate "2016.10.16"]
[EventType "team-tourn"]
[EventCountry "GER"]
[WhiteTeam "Leipzig SG"]
[BlackTeam "Hoyerswerda FVS ASP"]
[WhiteTeamCountry "GER"]
[BlackTeamCountry "GER"]

1. d4 Nf6 2. Nf3 g6 3. c4 Bg7 4. Nc3 d6 5. e4 O-O 6. h3 Na6 7. Be3 Qe8 8. Be2
e5 9. d5 Nh5 10. Nh2 Nf4 11. Bf3 Nc5 12. Bxc5 dxc5 13. Ng4 c6 14. g3 h5 15. Ne3
Nxh3 16. Bxh5 Ng5 17. Be2 f5 18. Qd2 f4 19. Ng4 cxd5 20. cxd5 b5 21. d6 Be6 22.
Nxb5 Qxb5 23. Bxb5 Nf3+ 24. Kd1 Nxd2 25. Kxd2 Rab8 26. Bc6 Rfd8 27. Bd5 Rxd6
28. Kc2 Rxd5 29. Nh6+ Bxh6 30. exd5 Bf5+ 31. Kc3 Bg7 32. Rad1 e4+ 33. Kc4 Bd4
34. a3 Rxb2 35. gxf4 Rc2+ 36. Kb5 Bd7+ 37. Ka6 Bxf2 38. Kb7 e3 39. Kc7 Bf5 40.
Rb1 Bg3 41. Kc6 Bxf4 42. Rb7 Rh2 43. Rxh2 Bxh2 44. Re7 Bf4 45. Kxc5 g5 46. d6
g4 47. d7 Bxd7 48. Rxd7 g3 49. Rd1 e2 50. Re1 Be3+ 51. Kc4 g2 0-1

[Event "Oberliga Ost A 2016 2017"]
[Site "Germany"]
[Date "2016.11.20"]
[Round "3.6"]
[White "Graf, Roland"]
[Black "Kreyssig, Bruno"]
[Result "1-0"]
[WhiteElo "2140"]
[BlackElo "2131"]
[PlyCount "97"]
[EventDate "2016.10.16"]
[EventType "team-tourn"]
[EventCountry "GER"]
[WhiteTeam "Hoyerswerda FVS ASP"]
[BlackTeam "Leipzig SG"]
[WhiteTeamCountry "GER"]
[BlackTeamCountry "GER"]

1. e4 c5 2. c3 g6 3. d4 cxd4 4. cxd4 d5 5. e5 Nc6 6. Nc3 Nh6 7. Nf3 Bg4 8. Be2
Bg7 9. Qb3 Bxf3 10. Bxf3 Nf5 11. Qxb7 Ncxd4 12. Bd1 O-O 13. Qxd5 Qc7 14. O-O
Rfd8 15. Qe4 Bxe5 16. g3 Qa5 17. Re1 Bf6 18. Bf4 Rac8 19. Be5 Bxe5 20. Qxe5
Qxe5 21. Rxe5 e6 22. Kg2 Nd6 23. Be2 f6 24. Ra5 Nxe2 25. Nxe2 Ne4 26. Nc3 Nxc3
27. bxc3 Rd7 28. Rc1 Kf7 29. c4 e5 30. Rc3 Rc6 31. Rca3 Rxc4 32. Rxa7 Rdc7 33.
R3a6 R4c6 34. a4 Ke6 35. Rxc6+ Rxc6 36. Rxh7 Ra6 37. Rh4 Kd5 38. Rh6 g5 39. h4
gxh4 40. Rxh4 Ra5 41. Rb4 Kc5 42. Rb5+ Rxb5 43. axb5 Kxb5 44. Kf3 Kc5 45. Ke4
Kd6 46. Kf5 Ke7 47. g4 Kf7 48. f3 Kg7 49. g5 1-0